| 000 | 00530nam a22001697a 4500 | ||
|---|---|---|---|
| 999 |
_c9028 _d9028 |
||
| 008 | 210319b ||||| |||| 00| 0 eng d | ||
| 040 | _aBMS College of Architecture | ||
| 100 | _aGupta, Yaasvee | ||
| 245 | _aRedesign of new Delhi railway station | ||
| 300 | _a57p. | ||
| 500 | _a1BM09AT059 | ||
| 502 |
_8B.Arch _NBMS College of Architecture, Visvesvaraya Technological University _aProject report _d2013 |
||
| 650 | _aRailway Station | ||
| 700 |
_aAjaichandran C K _eGuide |
||
| 700 |
_aBhagyalaxmi M _eGuide |
||
| 942 |
_2ddc _cTHE |
||